| 000 | 01467nam a22003254a 4500 | ||
|---|---|---|---|
| 001 | ebr10074854 | ||
| 003 | CaPaEBR | ||
| 006 | m u | ||
| 007 | cr cn||||||||| | ||
| 008 | 030307s2003 enkb sb 001 0 eng | ||
| 010 | _z 2003046305 | ||
| 020 | _z0719052599 | ||
| 040 |
_aCaPaEBR _cCaPaEBR |
||
| 035 | _a(OCoLC)57655537 | ||
| 050 | 1 | 4 |
_aBF1583 _b.R69 2003eb |
| 082 | 0 | 4 |
_a133.4/3/094332 _221 |
| 100 | 1 | _aRowlands, Alison. | |
| 245 | 1 | 0 |
_aWitchcraft narratives in Germany _h[electronic resource] : _bRothenburg 1561-1652 / _cAlison Rowlands. |
| 260 |
_aManchester, UK ; _aNew York : _bManchester University Press ; _aNew York : _bDistributed exclusively in the USA by Palgrave, _c2003. |
||
| 300 |
_a248 p. : _b1 map. |
||
| 490 | 1 | _aStudies in early modern European history | |
| 504 | _aIncludes bibliographical references (p. [229]-238 and index. | ||
| 533 |
_aElectronic reproduction. _bPalo Alto, Calif. : _cebrary, _d2013. _nAvailable via World Wide Web. _nAccess may be limited to ebrary affiliated libraries. |
||
| 650 | 0 |
_aWitchcraft _zGermany _zRothenburg ob der Tauber _xHistory _y16th century. |
|
| 650 | 0 |
_aWitchcraft _zGermany _zRothenburg ob der Tauber _xHistory _y17th century. |
|
| 655 | 7 |
_aElectronic books. _2local |
|
| 710 | 2 | _aebrary, Inc. | |
| 830 | 0 | _aStudies in early modern European history. | |
| 856 | 4 | 0 |
_uhttp://site.ebrary.com/lib/rucke/Doc?id=10074854 _zAn electronic book accessible through the World Wide Web; click to view |
| 999 |
_c154295 _d154295 |
||